| 000 | 00460nam a2200193Ia 4500 | ||
|---|---|---|---|
| 008 | 170918s9999 xx 000 0 und d | ||
| 020 | _a9780439371503 | ||
| 050 | _bF855 2001 | ||
| 100 | _aFreeman, Don | ||
| 245 | _aCorduroy's best halloween ever! / | ||
| 245 | _cby Don Freeman. | ||
| 260 | _aNew York : | ||
| 260 | _bScholastic, | ||
| 260 | _c2001 | ||
| 300 | _aunpaged : | ||
| 300 | _bcolored illustration ; | ||
| 300 | _c20cm. | ||
| 500 | _a140 | ||
| 999 |
_c343103 _d343103 |
||